|
|
|
|
| LEADER |
00000cam a2200000 7i4500 |
| 001 |
0000002463 |
| 005 |
20030624.0 |
| 020 |
0 |
0 |
|a 3880852928
|
| 090 |
0 |
0 |
|a 333.751734
|b FOR 1986
|
| 245 |
0 |
0 |
|a FORTLICHE Beitrage deer Bundesrepublik Deutschland zur Entwicklung des landlichen Raumes in der Dritten Welt .
|l forestry and the development of rural areas in third world countries
|
| 260 |
0 |
0 |
|a Eschborn :
|b German Agency for Technical Cooperation ,
|c 1986
|
| 300 |
|
|
|a 401 p. :
|b col. ill. ;
|c 21 cm.
|
| 650 |
0 |
0 |
|a Forests and forestry
|
| 650 |
0 |
0 |
|a Rural development
|
| 650 |
0 |
0 |
|a Sustainable forestry
|
| 998 |
|
|
|a JPSM
|
| 999 |
|
|
|a 0000004076
|b Monograph
|c Open Shelf
|e Default branch
|
| 999 |
|
|
|a 0000004077
|b Monograph
|c Open Shelf
|e Default branch
|
| 999 |
|
|
|a 0000004078
|b Monograph
|c Open Shelf
|e Default branch
|
| 999 |
|
|
|a 0000004079
|b Monograph
|c Open Shelf
|e Default branch
|
| 999 |
|
|
|a 0000004080
|b Monograph
|c Open Shelf
|e Default branch
|